| 000 | 00545nam a22001937a 4500 | ||
|---|---|---|---|
| 003 | OSt | ||
| 005 | 20160829134555.0 | ||
| 008 | 160829b xxu||||| |||| 00| 0 eng d | ||
| 020 | _a0683304143 | ||
| 040 | _cDNLM. | ||
| 082 | _aWE705L334 1999. | ||
| 100 |
_aDited by Beisman,S.Brian; _910920 |
||
| 245 | _aLasers in Facial Aesthetic and Reconstructive Surgery. | ||
| 260 |
_aBaltimore. _bWilliam & Wilkins. _c1999. |
||
| 300 |
_axvi,181p; _bill; _c27cm. |
||
| 504 | _aincludes index. | ||
| 650 |
_aFacial Aesthetic. _910921 |
||
| 942 |
_2z _cO_SHELF |
||
| 999 |
_c5092 _d5092 |
||